000 00295nam a22001337a 4500
008 170711b xxu||||| |||| 00| 0 eng d
020 _a0671070444
041 _aeng
080 _a030
100 _a26
101 _aENC
245 _aENCYCLOPEDIA OF PHOTOGRAPHY
_cLAUGHLIN, S
942 _2udc
_cBK
999 _c20203
_d20203